000 00596nam a2200241Ia 4500
003 OSt
005 20220912151942.0
006 a|||||r|||| 00| 0
007 ta
008 220909b |||||||| |||| 00| 0 eng d
024 _a64009
037 _cTextual
040 _aCSL
_beng
_cCSL
041 _aeng
082 _aE34, 113H1 CL
100 _aLange B
245 0 _aKolorimetrische analyse
260 _c1941
300 _ap.
_ccm.
650 _aQuantitative analysis
942 _hE34, 113H1 CL
_cTEXL
_2CC
999 _c77861
_d77861